| 000 | 01258nam a2200229Ia 4500 | ||
|---|---|---|---|
| 001 | L231-6295 | ||
| 003 | IT-CnALBA | ||
| 008 | 170116s9999||||xx |||||||||||||| ||und|| | ||
| 040 |
_aIT-CnALBA _cIT-CnALBA |
||
| 041 | _aITALIANO | ||
| 100 | _aGRASSO DOMENICO, SJ. | ||
| 245 | 0 | _aIL CARISMA DELLA PROFEZIA IN S. PAOLO E NELLE RIUNIONI DEL RINNOVAMENTO DELLO SPIRITO. | |
| 250 | _a2a ed. | ||
| 260 |
_aCINISELLO BALSAMO (MI) _bEDIZIONI PAOLINE _c1979 [1° Ed.:1978 - Ed.Ling.Originale: 1978] |
||
| 300 | _a140 p. (prefazione: 5) | ||
| 500 | _aLE PROFEZIE NELLE COMUNITÀ APOSTOLICHE. IL PROFETA NELL'ANTICO E NUOVO TESTAMENTO. DOTTRINA DI S. PAOLO. CARISMA DELLA PROFEZIA. IL PROFETA. DISCERNIMENTO DELLA PROFEZIA. ESISTENZA DEL CARISMA DELLA PROFEZIA. USO E ATTUALITÀ DELLA PROFEZIA. | ||
| 501 | _aSocietà San Paolo EM - Piazza San Paolo, 14 - 12051 ALBA (CN) (non commercial uses only) ® Copyright 2017 | ||
| 520 | _aLE PROFEZIE NELLE COMUNITÀ APOSTOLICHE. IL PROFETA NELL'ANTICO E NUOVO TESTAMENTO. DOTTRINA DI S. PAOLO. CARISMA DELLA PROFEZIA. IL PROFETA. DISCERNIMENTO DELLA PROFEZIA. ESISTENZA DEL CARISMA DELLA PROFEZIA. USO E ATTUALITÀ DELLA PROFEZIA. | ||
| 650 | _aDIO TRINITÀ ATTRIBUTI DI DIO | ||
| 942 | _cBK | ||
| 957 | _71 | ||
| 999 |
_a7271 _bNO _g Copie: 1 _c265477 _d265477 |
||